000 00643nam a2200229Ia 4500
003 OSt
005 20220918223908.0
006 a|||||r|||| 00| 0
007 ta
008 220917b |||||||| |||| 00| 0 eng d
024 _a225,522
037 _cTextual
040 _aARTS
_cARTS
_beng
041 _2eng
_aeng
082 _aR:(S:4), P0(RD)
100 _aCrumley Jack S.
_9146828
245 0 _aProblems in mind
_b readings in contemproary philosophy of mind
260 _aLondon
_bMayfield pub. co.
_c2000
300 _aix, 614p
_ccm.
942 _hR:(S:4), P0(RD)
_cTEXL
_2CC
999 _c279688
_d279688